[Event "240th YMCA Spring A"]
[Site "Warsaw"]
[Date "2021.05.18"]
[Round "6"]
[White "Ossolinski, Ziemowit"]
[Black "Polak, Michal"]
[Result "0-1"]
[WhiteElo "1847"]
[BlackElo "1905"]
[PlyCount "84"]
[EventDate "2021.04.15"]
[EventType "tourn"]
[EventRounds "1"]
[EventCountry "POL"]
[SourceDate "2021.04.15"]

1. e4 e5 2. Nf3 Nc6 3. d4 exd4 4. Nxd4 Nf6 5. Nc3 Bb4 6. Nxc6 bxc6 7. Bd3 d5 8.
exd5 O-O 9. O-O cxd5 10. Bg5 c6 11. Qf3 h6 12. Bxf6 Qxf6 13. Qxf6 gxf6 14. Ne2
Rb8 15. Rab1 Bd6 16. f4 Re8 17. Ng3 Re3 18. Nh5 Bc5 19. Nxf6+ Kh8 20. Kh1 Bd4
21. Nh5 Rxb2 22. f5 c5 23. Nf4 Re5 24. Rxb2 Bxb2 25. g4 c4 26. Be2 Bd7 27. Rb1
c3 28. Bd3 Re3 29. Kg2 Ba4 30. Rd1 Rxd3 31. Rxd3 Bxc2 32. Rh3 Be4+ 33. Kf2 c2
34. Ne2 c1=Q 35. Nxc1 Bxc1 36. Rc3 Bb2 37. Rc7 Bd4+ 38. Ke2 Kg7 39. h4 a5 40.
Rb7 Bc3 41. Ra7 d4 42. Rxf7+ Kxf7 0-1

[Event "240th YMCA Spring A"]
[Site "Warsaw"]
[Date "2021.05.19"]
[Round "6"]
[White "Podgorski, Maciej"]
[Black "Matyszkiewicz, Wiktor"]
[Result "1-0"]
[WhiteElo "1909"]
[BlackElo "1803"]
[PlyCount "49"]
[EventDate "2021.04.15"]
[EventType "tourn"]
[EventRounds "1"]
[EventCountry "POL"]
[SourceDate "2021.04.15"]

1. e4 c5 2. Nf3 d6 3. d4 cxd4 4. Nxd4 Nf6 5. Nc3 e5 6. Bb5+ Bd7 7. Bxd7+ Qxd7
8. Nf5 g6 9. Nh6 Nc6 10. Bg5 Bg7 11. O-O Nd4 12. f4 Bxh6 13. Bxf6 Rf8 14. Nd5
Qc6 15. c3 Ne6 16. fxe5 dxe5 17. Bxe5 Rd8 18. Qf3 f5 19. Qh3 Bg7 20. Bxg7 Nxg7
21. Qxh7 Rd7 22. Qh4 Rxd5 23. exd5 Qd6 24. Rae1+ Kd7 25. Qb4 1-0

[Event "240th YMCA Spring A"]
[Site "Warsaw"]
[Date "2021.05.26"]
[Round "6"]
[White "Pajak, Jakub"]
[Black "Choroszej, Aleksander"]
[Result "0-1"]
[WhiteElo "1931"]
[BlackElo "2033"]
[PlyCount "74"]
[EventDate "2021.04.15"]
[EventType "tourn"]
[EventRounds "1"]
[EventCountry "POL"]
[SourceDate "2021.04.15"]

1. e4 g6 2. d4 Bg7 3. Nc3 d6 4. Be3 a6 5. Qd2 b5 6. O-O-O Nd7 7. h4 h6 8. g4
Bb7 9. f3 Rc8 10. Nh3 c5 11. Kb1 b4 12. Ne2 Qc7 13. g5 h5 14. Nf2 e6 15. Bh3
Ne7 16. Rhe1 Nb6 17. b3 c4 18. Qxb4 O-O 19. Rc1 Ned5 20. exd5 Nxd5 21. Qd2 c3
22. Nxc3 Nxc3+ 23. Kb2 Bxf3 24. Bf1 Qa5 25. a3 Rc7 26. Ra1 Rfc8 27. Bd3 Qb6 28.
Bf1 Ne4 29. Nxe4 Rxc2+ 30. Qxc2 Rxc2+ 31. Kxc2 Bxe4+ 32. Bd3 Bxd3+ 33. Kxd3
Qxb3+ 34. Ke2 Qc4+ 35. Kf3 Bxd4 36. Rac1 Qd3 37. Rcd1 Qf5+ 0-1

[Event "240th YMCA Spring A"]
[Site "Warsaw"]
[Date "2021.05.21"]
[Round "6"]
[White "Janeczko, Jakub"]
[Black "Jedrusik, Adam"]
[Result "1/2-1/2"]
[WhiteElo "1864"]
[BlackElo "1956"]
[PlyCount "65"]
[EventDate "2021.04.15"]
[EventType "tourn"]
[EventRounds "1"]
[EventCountry "POL"]
[SourceDate "2021.04.15"]

1. e4 c5 2. Nf3 Nf6 3. Nc3 Nc6 4. d4 d5 5. exd5 Nxd5 6. Bc4 Nxc3 7. bxc3 e6 8.
O-O Be7 9. Be3 O-O 10. Qd2 cxd4 11. cxd4 b6 12. Be2 Bb7 13. c4 Rc8 14. Rac1 Qd7
15. Rfd1 Bf6 16. Bg5 Bxg5 17. Qxg5 h6 18. Qg3 Rfd8 19. Bd3 Nxd4 20. Nxd4 Qxd4
21. Bh7+ Kxh7 22. Rxd4 Rxd4 23. Qe3 Rcxc4 24. f3 Rxc1+ 25. Qxc1 Bd5 26. Qc7 f5
27. Qxa7 Rd1+ 28. Kf2 Rd2+ 29. Kg3 b5 30. Qc5 Rb2 31. a3 Rb3 32. h4 Rb2 33. h5
$11 1/2-1/2

[Event "240th YMCA Spring A"]
[Site "Warsaw"]
[Date "2021.05.28"]
[Round "7"]
[White "Jedrusik, Adam"]
[Black "Poniewierski, Piotr"]
[Result "1-0"]
[WhiteElo "1956"]
[BlackElo "1798"]
[PlyCount "87"]
[EventDate "2021.04.15"]
[EventType "tourn"]
[EventRounds "1"]
[EventCountry "POL"]
[SourceDate "2021.04.15"]

1. d4 d5 2. c4 c6 3. Nf3 Nf6 4. Nc3 e6 5. Bg5 Nbd7 6. e3 Qa5 7. Rc1 Bb4 8. a3
Bxc3+ 9. bxc3 Ne4 10. Bh4 Qxa3 11. Qc2 Nb6 12. Bd3 Nxc4 13. O-O f5 14. Bxc4
dxc4 15. Ne5 Qb3 16. Qe2 O-O 17. Nxc4 Qb5 18. Rfe1 b6 19. Qa2 Qd5 20. Re2 c5
21. f3 Nd6 22. Be7 Qxc4 23. Bxd6 Qxa2 24. Rxa2 Rd8 25. Bc7 Rd7 26. Bxb6 cxd4
27. cxd4 Bb7 28. Bc5 Bd5 29. Ra6 Kf7 30. Rca1 Bc4 31. R6a4 Bb5 32. Ra5 Rb7 33.
Bxa7 Bc6 34. Bc5 Rxa5 35. Rxa5 Rb2 36. h4 Rb5 37. Ra6 Bd5 38. Rd6 Rb7 39. Kf2
Bc4 40. Kg3 Rb2 41. Rd7+ Kg8 42. Rd8+ Kf7 43. h5 Bf1 44. Rf8# 1-0

[Event "240th YMCA Spring A"]
[Site "Warsaw"]
[Date "2021.05.28"]
[Round "7"]
[White "Choroszej, Aleksander"]
[Black "Janeczko, Jakub"]
[Result "1-0"]
[WhiteElo "2033"]
[BlackElo "1864"]
[PlyCount "77"]
[EventDate "2021.04.15"]
[EventType "tourn"]
[EventRounds "1"]
[EventCountry "POL"]
[SourceDate "2021.04.15"]

1. d4 c5 2. d5 e5 3. c4 d6 4. Nc3 Be7 5. g3 f5 6. e4 Nf6 7. Bg2 O-O 8. exf5
Bxf5 9. Nf3 Na6 10. a3 Nc7 11. O-O a6 12. a4 b5 13. axb5 axb5 14. Rxa8 Qxa8 15.
cxb5 Qb7 16. Nxe5 Nxb5 17. Nc6 Nd4 18. Nxd4 cxd4 19. Qxd4 Bd8 20. Ne4 Bxe4 21.
Bxe4 Bb6 22. Qc4 Bxf2+ 23. Rxf2 Rc8 24. Bxh7+ Nxh7 25. Qf4 Qxd5 26. Be3 Rf8 27.
Qd4 Qxd4 28. Rxf8+ Nxf8 29. Bxd4 Ne6 30. Bc3 Kf7 31. Kf2 d5 32. Ke3 Ke7 33. Be5
Kd7 34. h4 Kc6 35. g4 Kc5 36. h5 Kc4 37. Bxg7 Nxg7 38. h6 d4+ 39. Kd2 1-0

[Event "240th YMCA Spring A"]
[Site "Warsaw"]
[Date "2021.05.21"]
[Round "7"]
[White "Matyszkiewicz, Wiktor"]
[Black "Pajak, Jakub"]
[Result "0-1"]
[WhiteElo "1803"]
[BlackElo "1931"]
[PlyCount "72"]
[EventDate "2021.04.15"]
[EventType "tourn"]
[EventRounds "1"]
[EventCountry "POL"]
[SourceDate "2021.04.15"]

1. e4 c5 2. Nf3 Nc6 3. d4 cxd4 4. Nxd4 g6 5. Nc3 Bg7 6. Be3 Nf6 7. Bc4 O-O 8.
Bb3 d6 9. f3 Bd7 10. Qd2 Rc8 11. O-O-O Nxd4 12. Bxd4 b5 13. Bxa7 b4 14. Nd5
Nxd5 15. exd5 Qa5 16. Bd4 Ba4 17. Qe3 Bxd4 18. Qxd4 Bxb3 19. axb3 Rc5 20. Qe4
Rfc8 21. Kb1 Ra8 22. Kc1 Qa1+ 23. Kd2 Qxb2 24. Qxb4 Rxc2+ 25. Kd3 Rc5 26. Ke3
Ra2 27. Rhe1 Qf2+ 28. Kf4 Qh4+ 29. g4 Qxh2+ 30. Ke3 Qe5+ 31. Qe4 Qc3+ 32. Qd3
Qb4 33. Qe4 Qxb3+ 34. Rd3 Rc3 35. Red1 Qxd1 36. Rxc3 Re2+ 0-1

[Event "240th YMCA Spring A"]
[Site "Warsaw"]
[Date "2021.06.01"]
[Round "8"]
[White "Poniewierski, Piotr"]
[Black "Ossolinski, Ziemowit"]
[Result "1/2-1/2"]
[WhiteElo "1798"]
[BlackElo "1847"]
[PlyCount "62"]
[EventDate "2021.04.15"]
[EventType "tourn"]
[EventRounds "1"]
[EventCountry "POL"]
[SourceDate "2021.04.15"]

1. Nf3 f5 2. d4 Nf6 3. g3 d5 4. Bg2 e6 5. b3 c5 6. c4 dxc4 7. bxc4 cxd4 8. Qxd4
Bb4+ 9. Bd2 Bxd2+ 10. Nbxd2 O-O 11. O-O Nc6 12. Qb2 Qc7 13. Rab1 e5 14. c5 e4
15. Nd4 Nxd4 16. Qxd4 Be6 17. Nb3 Nd7 18. Rfc1 Kh8 19. Qd6 Qxd6 20. cxd6 b6 21.
f3 Nf6 22. Nd4 Bxa2 23. Rb2 Bd5 24. Nxf5 Rfd8 25. fxe4 Bxe4 26. Bxe4 Nxe4 27.
Rc7 g6 28. Nh6 Nxd6 29. Rd2 Rdc8 30. Re7 Re8 31. Rc7 Rec8 1/2-1/2

[Event "240th YMCA Spring A"]
[Site "Warsaw"]
[Date "2021.04.29"]
[Round "8"]
[White "Podgorski, Maciej"]
[Black "Potocki, Karol"]
[Result "0-1"]
[WhiteElo "1909"]
[BlackElo "1854"]
[PlyCount "46"]
[EventDate "2021.04.15"]
[EventType "tourn"]
[EventRounds "1"]
[EventCountry "POL"]
[SourceDate "2021.04.15"]

1. e4 e6 2. d4 d5 3. Nc3 Nf6 4. Bg5 dxe4 5. Nxe4 Be7 6. Bxf6 gxf6 7. Nf3 f5 8.
Nc3 c5 9. d5 Bf6 10. Bc4 a6 11. a4 b6 12. O-O e5 13. Nxe5 Qd6 14. f4 h5 15. Qe2
Kf8 16. Rae1 Nd7 17. Rf3 h4 18. Rd3 Kg7 19. Nxf7 Qxf4 20. Nxh8 Ne5 21. Re3 Ng4
22. g3 Qxe3+ 23. Kg2 h3+ 0-1

[Event "240th YMCA Spring A"]
[Site "Warsaw"]
[Date "2021.06.08"]
[Round "8"]
[White "Pajak, Jakub"]
[Black "Polak, Michal"]
[Result "0-1"]
[WhiteElo "1931"]
[BlackElo "1905"]
[PlyCount "32"]
[EventDate "2021.04.15"]
[EventType "tourn"]
[EventRounds "1"]
[EventCountry "POL"]
[SourceDate "2021.04.15"]

1. d4 Nf6 2. Nc3 d5 3. Bg5 h6 4. Bh4 c5 5. e3 cxd4 6. exd4 Nc6 7. Nf3 Bg4 8.
Be2 e6 9. O-O Bxf3 10. Bxf3 Qb6 11. Ne2 g5 12. Bg3 g4 13. Bh4 gxf3 14. Bxf6
fxe2 15. Qxe2 Rg8 16. c3 Be7 0-1

[Event "240th YMCA Spring A"]
[Site "Warsaw"]
[Date "2021.06.10"]
[Round "8"]
[White "Janeczko, Jakub"]
[Black "Matyszkiewicz, Wiktor"]
[Result "1/2-1/2"]
[WhiteElo "1864"]
[BlackElo "1803"]
[PlyCount "107"]
[EventDate "2021.04.15"]
[EventType "tourn"]
[EventRounds "1"]
[EventCountry "POL"]
[SourceDate "2021.04.15"]

1. e4 c5 2. d3 Nc6 3. g3 Nf6 4. Bg2 e5 5. Nc3 d6 6. Nge2 Be7 7. O-O O-O 8. f4
a6 9. f5 b5 10. h3 b4 11. Nd5 Nxd5 12. exd5 Nd4 13. Be4 Bg5 14. h4 Nxe2+ 15.
Qxe2 Bxc1 16. Raxc1 f6 17. c4 bxc3 18. bxc3 Rb8 19. g4 Rf7 20. Rf2 Rfb7 21.
Rcf1 a5 22. g5 a4 23. a3 Rb3 24. Rg2 Rxa3 25. Qh5 Bd7 26. gxf6 Qxf6 27. Rg6
hxg6 28. fxg6 Qxf1+ 29. Kxf1 Ra1+ 30. Kf2 Rb2+ 31. Ke3 Re1+ 32. Kf3 Rh1 33. Ke3
Re1+ 34. Kf3 Rf1+ 35. Ke3 a3 36. Qh7+ Kf8 37. Qh8+ Ke7 38. Qxg7+ Kd8 39. Qh8+
Kc7 40. g7 Re1+ 41. Kf3 Rf1+ 42. Ke3 Re1+ 43. Kf3 Rf1+ 44. Ke3 Bg4 45. Qd8+
Kxd8 46. g8=Q+ Kc7 47. Qxg4 a2 48. Qg7+ Kb6 49. Qg8 Rf7 50. Qa8 Ra7 51. Qb8+
Rb7 52. Qa8 Ra7 $11 53. Qb8+ Rb7 54. Qa8 1/2-1/2

[Event "240th YMCA Spring A"]
[Site "Warsaw"]
[Date "2021.06.10"]
[Round "8"]
[White "Jedrusik, Adam"]
[Black "Choroszej, Aleksander"]
[Result "1-0"]
[WhiteElo "1956"]
[BlackElo "2033"]
[PlyCount "169"]
[EventDate "2021.04.15"]
[EventType "tourn"]
[EventRounds "1"]
[EventCountry "POL"]
[SourceDate "2021.04.15"]

1. d4 g6 2. c4 Bg7 3. Nc3 d6 4. e4 e5 5. Nge2 exd4 6. Nxd4 Ne7 7. Be2 O-O 8.
Be3 Nbc6 9. h4 h6 10. Qd2 Kh7 11. O-O-O a6 12. f4 Nxd4 13. Bxd4 Bxd4 14. Qxd4
f5 15. h5 g5 16. fxg5 hxg5 17. exf5 Nxf5 18. Bd3 Kh6 19. Bxf5 Bxf5 20. g4 Bh7
21. Rhf1 Qe7 22. Nd5 Qe5 23. Qxe5 dxe5 24. Nxc7 Rxf1 25. Rxf1 Rc8 26. Ne6 Rxc4+
27. Kd2 Rxg4 28. Rf6+ Kxh5 29. Ng7+ Kh4 30. Rh6+ Kg3 31. Rxh7 Rb4 32. b3 a5 33.
Nf5+ Kf4 34. Ne3 Ke4 35. Rg7 Rd4+ 36. Ke2 Rd3 37. Nd1 Rg3 38. Nf2+ Kd5 39. Rxb7
a4 40. bxa4 Ra3 41. Rb2 Rxa4 42. Nd1 Ke6 43. Kf3 Ra3+ 44. Kg4 e4 45. Re2 Kd5
46. Ne3+ Kc5 47. Kxg5 Ra8 48. Kf4 Kd4 49. Rb2 Rf8+ 50. Nf5+ Kd3 51. Rb3+ Kc4
52. Kxe4 Re8+ 53. Kf4 Ra8 54. Rb2 Kc3 55. Rh2 Kb4 56. Ke4 Ka3 57. Ne3 Rd8 58.
Nd5 Rg8 59. Kd4 Rg4+ 60. Kd3 Rg8 61. Ne3 Rc8 62. Nc4+ Kb4 63. Rb2+ Kc5 64. Kc3
Rh8 65. Ne5 Rh3+ 66. Nd3+ Kc6 67. a4 Rh4 68. Ne5+ Kc7 69. Nc4 Rh3+ 70. Kb4 Kb7
71. Rg2 Rh6 72. Rg5 Rf6 73. Kb5 Rh6 74. a5 Rh7 75. Ne5 Rh8 76. a6+ Ka8 77. Rg7
Rb8+ 78. Ka5 Rh8 79. Nc6 Rh5+ 80. Kb6 Rb5+ 81. Kc7 Rg5 82. Re7 Rg7 83. Kb6 Rxe7
84. Nxe7 Kb8 85. Nd5 1-0

[Event "240th YMCA Spring A"]
[Site "Warsaw"]
[Date "2021.06.11"]
[Round "9"]
[White "Choroszej, Aleksander"]
[Black "Poniewierski, Piotr"]
[Result "1-0"]
[WhiteElo "2033"]
[BlackElo "1798"]
[PlyCount "43"]
[EventDate "2021.04.15"]
[EventType "tourn"]
[EventRounds "1"]
[EventCountry "POL"]
[SourceDate "2021.04.15"]

1. d4 d5 2. c4 c6 3. Nc3 Nf6 4. Nf3 e6 5. e3 Nbd7 6. Qc2 Bd6 7. Bd3 O-O 8. O-O
e5 9. cxd5 cxd5 10. e4 dxe4 11. Nxe4 Nxe4 12. Bxe4 h6 13. Be3 Qa5 14. Rfd1 exd4
15. Bxd4 Be7 16. Bc3 Qh5 17. Rd5 Qg4 18. Bf5 Qc4 19. Rxd7 Bxd7 20. Bh7+ Kh8 21.
Bxg7+ Kxg7 22. Qxc4 1-0

[Event "240th YMCA Spring A"]
[Site "Warsaw"]
[Date "2021.06.11"]
[Round "9"]
[White "Matyszkiewicz, Wiktor"]
[Black "Jedrusik, Adam"]
[Result "0-1"]
[WhiteElo "1803"]
[BlackElo "1956"]
[PlyCount "94"]
[EventDate "2021.04.15"]
[EventType "tourn"]
[EventRounds "1"]
[EventCountry "POL"]
[SourceDate "2021.04.15"]

1. e4 c5 2. Nf3 Nf6 3. Nc3 Nc6 4. d4 d5 5. exd5 Nxd5 6. Bc4 Nxc3 7. bxc3 e6 8.
O-O Be7 9. Be3 O-O 10. Qe2 cxd4 11. cxd4 Qc7 12. Rab1 b6 13. Rfd1 Bb7 14. d5
Na5 15. Rd4 Bf6 16. Rf4 Nxc4 17. Rxc4 Qe7 18. dxe6 Ba6 19. Bf4 Rac8 20. Nd2
Bxc4 21. Nxc4 Qxe6 22. Qxe6 fxe6 23. Ne3 Bd4 24. g3 Bxe3 25. Bxe3 Rxc2 26. a4
Ra2 27. Rb4 Rd8 28. Rc4 h6 29. Kg2 Rd3 30. Kf3 Rda3 31. Rc8+ Kh7 32. Rc6 Rxa4
33. Rxe6 b5 34. Re7 a5 35. Rb7 Rb4 36. Bc5 Rb3+ 37. Ke4 Re2+ 38. Kf5 Re8 39.
Bd4 Rg8 40. Ke4 a4 41. f4 a3 42. f5 Rb4 43. f6 Rd8 44. Rxg7+ Kh8 45. Ra7 Rbxd4+
46. Kf5 Ra4 47. Rb7 Rg8 0-1

[Event "240th YMCA Spring A"]
[Site "Warsaw"]
[Date "2021.06.11"]
[Round "9"]
[White "Polak, Michal"]
[Black "Janeczko, Jakub"]
[Result "1/2-1/2"]
[WhiteElo "1905"]
[BlackElo "1864"]
[PlyCount "66"]
[EventDate "2021.04.15"]
[EventType "tourn"]
[EventRounds "1"]
[EventCountry "POL"]
[SourceDate "2021.04.15"]

1. e4 c5 2. Nf3 Nc6 3. d4 cxd4 4. Nxd4 g6 5. c4 Nf6 6. Nc3 Nxd4 7. Qxd4 d6 8.
Be3 Bg7 9. f3 O-O 10. Qd2 Be6 11. Rc1 a5 12. b3 Nd7 13. Be2 Nc5 14. O-O Qd7 15.
Rfd1 Rfd8 16. Nb5 b6 17. Bf1 Qb7 18. Kh1 Rac8 19. Nd4 Bd7 20. Rc2 Rc7 21. Rdc1
Rdc8 22. Bd3 Na6 23. a3 Nc5 24. Rb1 a4 25. b4 Nxd3 26. Qxd3 b5 27. Rbc1 bxc4
28. Rxc4 Bxd4 29. Qxd4 Rxc4 30. Rxc4 Rxc4 31. Qxc4 Qb5 32. Qxb5 Bxb5 33. Bd4 f6
$11 1/2-1/2

[Event "240th YMCA Spring A pff"]
[Site "Warsaw"]
[Date "2021.06.18"]
[Round "10"]
[White "Polak, Michal"]
[Black "Janeczko, Jakub"]
[Result "1-0"]
[WhiteElo "1905"]
[BlackElo "1864"]
[PlyCount "95"]
[EventDate "2021.04.16"]
[EventType "tourn"]
[EventRounds "1"]
[EventCountry "POL"]
[SourceDate "2021.06.10"]

1. e4 c5 2. Nf3 Nc6 3. d4 cxd4 4. Nxd4 g6 5. c4 Nf6 6. Nc3 Nxd4 7. Qxd4 d6 8.
Be3 Bg7 9. f3 O-O 10. Qd2 a5 11. Na4 Nd7 12. Rc1 b6 13. b3 Nc5 14. Nc3 Be6 15.
Be2 f5 16. exf5 gxf5 17. O-O Qe8 18. Rfe1 Qf7 19. Bf4 Qf6 20. Bf1 Qd4+ 21. Qxd4
Bxd4+ 22. Kh1 Rfc8 23. Na4 Rc6 24. Nc3 Kf7 25. Nd5 Rac8 26. Rcd1 Bf6 27. g3 Nd7
28. Bh3 Ne5 29. Bg2 Bxd5 30. Rxd5 Rc5 31. Red1 Rxd5 32. Rxd5 Rc5 33. Be3 Rxd5
34. cxd5 Nd7 35. Bf1 Nc5 36. Bc4 Kg6 37. Kg2 Bg5 38. Bd4 f4 39. Kf1 Bf6 40. Bf2
Kf5 41. Ke2 Be5 42. Bd3+ Nxd3 43. g4+ Kf6 44. Kxd3 b5 45. a4 bxa4 46. bxa4 e6
47. dxe6 Kxe6 48. Be1 1-0

[Event "240th YMCA Spring A pff"]
[Site "Warsaw"]
[Date "2021.06.15"]
[Round "10"]
[White "Choroszej, Aleksander"]
[Black "Ossolinski, Ziemowit"]
[Result "1-0"]
[WhiteElo "2033"]
[BlackElo "1897"]
[PlyCount "47"]
[EventDate "2021.04.16"]
[EventType "tourn"]
[EventRounds "1"]
[EventCountry "POL"]
[SourceDate "2021.06.10"]

1. d4 d5 2. c4 c6 3. Nc3 Nf6 4. Nf3 e6 5. e3 Be7 6. Bd3 dxc4 7. Bxc4 b5 8. Bd3
Bb7 9. O-O O-O 10. e4 b4 11. Na4 Nbd7 12. Qc2 h6 13. h3 Rc8 14. Be3 Qa5 15. Nc5
Nxc5 16. dxc5 Ba6 17. Bxa6 Qxa6 18. Ne5 Rfd8 19. f3 Qb5 20. a4 Qa6 21. Rfd1
Rxd1+ 22. Rxd1 Ne8 23. Nc4 f6 24. Qb3 1-0

[Event "240th YMCA Spring A pff"]
[Site "Warsaw"]
[Date "2021.06.18"]
[Round "10"]
[White "Poniewierski, Piotr"]
[Black "Matyszkiewicz, Wiktor"]
[Result "1-0"]
[WhiteElo "1798"]
[BlackElo "1803"]
[PlyCount "142"]
[EventDate "2021.04.16"]
[EventType "tourn"]
[EventRounds "1"]
[EventCountry "POL"]
[SourceDate "2021.06.10"]

1. Nf3 Nf6 2. c4 g6 3. g3 Bg7 4. Bg2 O-O 5. O-O c5 6. d4 cxd4 7. Nxd4 Nc6 8.
Nc2 d6 9. Nc3 Bd7 10. b3 Qc7 11. Bg5 h6 12. Bxf6 exf6 13. Qd2 f5 14. Rad1 Qa5
15. Na4 Rfe8 16. e3 Re6 17. c5 Qxd2 18. Rxd2 Na5 19. Bd5 Ree8 20. cxd6 Bxa4 21.
bxa4 Red8 22. Rb1 Rab8 23. Rb5 b6 24. Bb3 Nb7 25. Rbd5 Nc5 26. Nd4 Rd7 27. Nc6
Re8 28. Bc2 Bf6 29. Rd1 Rc8 30. Nb4 a5 31. Nd3 Nb7 32. Bb3 Rc6 33. Nf4 Rcxd6
34. Rxd6 Rxd6 35. Rxd6 Nxd6 36. Nxg6 Kg7 37. Nf4 Kf8 38. Kf1 Ke8 39. Ke2 Kd7
40. f3 Kc6 41. Kd3 Kc5 42. Ne2 Be5 43. Nd4 Bf6 44. f4 Bg7 45. Nf3 Bb2 46. Ne5
f6 47. Ng6 Kc6 48. Be6 Kc5 49. Kc2 Ba3 50. Ne7 Kb4 51. Nd5+ Kxa4 52. Nxb6+ Kb5
53. Nd7 Nc4 54. Kd3 Nb2+ 55. Ke2 Be7 56. Bxf5 Kb4 57. g4 Ka3 58. Be6 Na4 59. h4
Nc3+ 60. Kd2 Nxa2 61. g5 fxg5 62. fxg5 hxg5 63. h5 Bb4+ 64. Kd3 Kb2 65. Bxa2
Kxa2 66. h6 Kb2 67. Ke4 Bc3 68. Ne5 a4 69. h7 Bxe5 70. Kxe5 a3 71. h8=Q a2 1-0

[Event "240th YMCA Spring A pff"]
[Site "Warsaw"]
[Date "2021.06.24"]
[Round "11"]
[White "Polak, Michal"]
[Black "Choroszej, Aleksander"]
[Result "0-1"]
[WhiteElo "1905"]
[BlackElo "2033"]
[PlyCount "156"]
[EventDate "2021.04.16"]
[EventType "tourn"]
[EventRounds "1"]
[EventCountry "POL"]
[SourceDate "2021.06.10"]

1. e4 g6 2. d4 Bg7 3. Nc3 d6 4. Be3 a6 5. h3 b5 6. g4 Bb7 7. Bg2 Nf6 8. a3 O-O
9. Qd2 e5 10. d5 c6 11. Nge2 cxd5 12. exd5 Nbd7 13. O-O Rc8 14. Rad1 Qc7 15.
Bh6 Nb6 16. Bxg7 Kxg7 17. Ng3 Nc4 18. Qg5 Ng8 19. Qc1 Nxa3 20. Rd3 Nc4 21. Kh2
Kh8 22. f4 exf4 23. Rxf4 Ne5 24. Rd2 Qd8 25. Rdf2 Rc4 26. Qd2 h6 27. Nce4 Kg7
28. b3 Rc8 29. Qd4 f6 30. h4 Kh7 31. Bh3 Rc7 32. c3 Bc8 33. Qd1 Rcf7 34. Qc2
Kh8 35. c4 bxc4 36. bxc4 f5 37. Qc3 Kh7 38. gxf5 gxf5 39. Nd2 Ng6 40. Bxf5 Bxf5
41. Rxf5 Qxh4+ 42. Kg1 Rxf5 43. Rxf5 Rxf5 44. Nxf5 Qg4+ 45. Ng3 Ne5 46. Kf1 Nf6
47. Ne2 h5 48. Qg3 Qxg3 49. Nxg3 Kg6 50. Kg2 h4 51. Ne2 Kf5 52. Nd4+ Kf4 53.
Nc6 Ne4 54. Nb3 Nxc4 55. Kh3 Kg5 56. Nbd4 Nf2+ 57. Kg2 Nd3 58. Ne6+ Kg4 59.
Ned4 Ne3+ 60. Kh2 Nxd5 61. Na5 Ne3 62. Ndc6 d5 63. Nb3 Nf1+ 64. Kg1 Ng3 65. Nb8
h3 66. Nxa6 Ne1 67. Nd4 Nf3+ 68. Nxf3 Kxf3 69. Nb4 d4 70. Nc2 Ne2+ 71. Kh2 Kg4
72. Ne1 Nf4 73. Nc2 d3 74. Ne3+ Kf3 75. Nf1 Kf2 76. Ng3 d2 77. Ne4+ Ke1 78. Ng5
d1=Q 0-1